000 00319nam a22001337a 4500
008 170929b xxu||||| |||| 00| 0 eng d
020 _a9780130423191
041 _aeng
080 _a37
100 _a47
101 _aEDU
245 _aINTERGRATING EDUCATIONAL TECHNOLOGY INTO TEACHING
_cROBLYER,M.D
942 _2udc
_cBK
999 _c30802
_d30802